00272 a2200121 4500001000700000020000600007040001100013100003300024240003900057245003400096362000900130440001100139169410 a  cMagnum aSilva, Aracy Lopes da (Org.)10aA tematica indigena na escolalpor10aA tematica indigena na escola0 a1899 1aGlobal